[Event "Saint John op-1"]
[Site "Saint John CAN"]
[Date "1988.??.??"]
[Round "?"]
[White "Chernin, Alexander"]
[Black "Dizdar, Goran"]
[Result "1-0"]
[WhiteElo "2560"]
[BlackElo "2490"]
[PlyCount "81"]
[GameId "2160767912587076"]
[EventDate "1988.01.24"]
[EventType "swiss"]
[EventRounds "9"]
[EventCountry "CAN"]
[SourceTitle "CBM 06"]

1. c4 e6 2. g3 d5 3. Bg2 Nf6 4. Nf3 Be7 5. O-O O-O 6. d4 c6 7. Qc2 b6 8. b3 Bb7 9. Nc3 Na6 10. Bb2 c5 11. cxd5 Nb4 12. Qb1 Nbxd5 13. Nxd5 Qxd5 14. dxc5 Qxc5 15. Rc1 Qh5 16. Rc7 Be4 17. Qe1 Bd6 18. Rc4 b5 19. Rcc1 Nd5 20. Qd1 Be7 21. Qd4 Bf6 22. Qd2 Be7 23. Qd4 Bf6 24. Qd2 Be7 25. a4 b4 26. Rc4 Nc3 27. Bxc3 bxc3 28. Qd7 Bd5 29. Qxe7 Bxc4 30. bxc4 Rac8 31. Qb4 c2 32. Qc3 Qc5 33. Nd2 Rfd8 34. Qxc2 Qd4 35. Ra2 h6 36. Be4 Rb8 37. Bd3 Rdc8 38. a5 Rb4 39. Nf3 Qc5 40. Qc3 Rcb8 41. Qd4 1-0

[Event "Saint John op-1"]
[Site "Saint John CAN"]
[Date "1988.??.??"]
[Round "?"]
[White "Chernin, Alexander"]
[Black "Lindsay, Fred"]
[Result "1-0"]
[WhiteElo "2560"]
[BlackElo "2250"]
[PlyCount "69"]
[GameId "2160767912587077"]
[EventDate "1988.01.24"]
[EventType "swiss"]
[EventRounds "9"]
[EventCountry "CAN"]
[SourceTitle "CBM 006"]
[Source "ChessBase"]
[SourceDate "2004.01.01"]
[SourceVersion "1"]
[SourceVersionDate "2004.01.01"]
[SourceQuality "1"]

1. c4 e6 2. g3 d5 3. Bg2 Nf6 4. Nf3 c5 5. O-O Nc6 6. d4 dxc4 7. Qa4 Bd7 8. Qxc4 Rc8 9. dxc5 Na5 10. Qd3 Bxc5 11. Ne5 O-O 12. Bd2 Nc6 13. Nxd7 Nxd7 14. Bc3 Nb6 15. Qb5 Nd4 16. Bxd4 Bxd4 17. Na3 Qf6 18. Rab1 Rc7 19. e3 Be5 20. Qb3 Rd7 21. Nb5 Bb8 22. Rbd1 Rfd8 23. Rxd7 Rxd7 24. a4 Qd8 25. Rc1 h6 26. Nd4 Rc7 27. Rd1 Qe7 28. a5 Nd7 29. Nb5 Rc8 30. Nxa7 Rc7 31. Nb5 Rc8 32. Qa3 Qg5 33. Nd6 Rc2 34. Qb3 Rc5 35. Ne4 1-0

[Event "Saint John op-1"]
[Site "Saint John CAN"]
[Date "1988.??.??"]
[Round "?"]
[White "Chernin, Alexander"]
[Black "Stone, Raymond"]
[Result "1/2-1/2"]
[WhiteElo "2560"]
[BlackElo "2415"]
[PlyCount "106"]
[GameId "2160767912587078"]
[EventDate "1988.01.24"]
[EventType "swiss"]
[EventRounds "9"]
[EventCountry "CAN"]
[SourceTitle "CBM 06"]

1. d4 d5 2. Nf3 Nf6 3. c4 e6 4. Nc3 Be7 5. Bg5 O-O 6. e3 h6 7. Bh4 b6 8. Be2 Bb7 9. Bxf6 Bxf6 10. cxd5 exd5 11. b4 c5 12. bxc5 bxc5 13. O-O Nc6 14. Rb1 cxd4 15. exd4 Bc8 16. Qa4 Ne7 17. Bd3 Qc7 18. Rfc1 Qf4 19. Qa3 Rd8 20. Nb5 Bf5 21. Rc5 Be4 22. Bxe4 dxe4 23. Ne5 a6 24. Nc7 Rab8 25. Rxb8 Rxb8 26. Qc1 Bxe5 27. dxe5 Qxc1+ 28. Rxc1 a5 29. h3 Rb2 30. a4 Rb4 31. Rd1 Nc6 32. e6 fxe6 33. Nxe6 Kf7 34. Rd6 Ne5 35. Nc5 Nd3 36. Nxd3 exd3 37. Rxd3 Rxa4 38. Rd7+ Kf6 39. Rd6+ Kf7 40. Rd7+ Kf6 41. Ra7 Ra1+ 42. Kh2 a4 43. Kg3 Ra3+ 44. Kf4 Ra2 45. Ra6+ Kf7 46. Kg3 Ra3+ 47. f3 Ra2 48. f4 h5 49. f5 h4+ 50. Kxh4 Rxg2 51. Rxa4 Kf6 52. Rg4 g5+ 53. fxg6 Rxg4+ 1/2-1/2

[Event "Saint John op-1"]
[Site "Saint John CAN"]
[Date "1988.??.??"]
[Round "?"]
[White "Christiansen, Larry"]
[Black "Garcia, Gildardo"]
[Result "1/2-1/2"]
[WhiteElo "2575"]
[BlackElo "2430"]
[PlyCount "174"]
[GameId "2160767912587080"]
[EventDate "1988.01.24"]
[EventType "swiss"]
[EventRounds "9"]
[EventCountry "CAN"]
[SourceTitle "CBM 006"]
[Source "ChessBase"]
[SourceDate "2004.01.01"]
[SourceVersion "1"]
[SourceVersionDate "2004.01.01"]
[SourceQuality "1"]

1. d4 d5 2. c4 e6 3. Nc3 Nf6 4. cxd5 exd5 5. Bg5 c6 6. e3 Be7 7. Bd3 O-O 8. Qc2 Nbd7 9. Nf3 Re8 10. O-O Nf8 11. a3 Ne4 12. Bf4 Ng5 13. Bxg5 Bxg5 14. b4 a6 15. a4 Be7 16. b5 Bd6 17. bxc6 bxc6 18. Ne2 Bg4 19. Ne5 Bxe2 20. Bxe2 c5 21. Bf3 cxd4 22. exd4 Bxe5 23. dxe5 Rxe5 24. Rad1 Qa5 25. g3 Rd8 26. Qb2 Rf5 27. Bg4 Rf6 28. Rd4 Ng6 29. Rfd1 h6 30. Qe2 Qc5 31. h4 Ne7 32. Bf3 Re6 33. Qd2 Red6 34. Rc1 Qa7 35. Kg2 Qd7 36. Bg4 Qb7 37. Re1 Nc6 38. Rf4 d4 39. Bf3 Qb4 40. Qd1 Qc3 41. Ree4 Rf8 42. h5 a5 43. Qb1 Nb4 44. Re7 d3 45. Be4 Rf6 46. Rf3 Rxf3 47. Bxf3 Qf6 48. Rc7 Qb6 49. Rd7 Rd8 50. Qe1 Qf6 51. Qe3 Nc2 52. Qe4 g5 53. Ra7 Kg7 54. Bd1 Nd4 55. Rxa5 d2 56. Rd5 Rxd5 57. Qxd5 Qc6 58. Qxc6 Nxc6 59. Kf1 Kf6 60. Ke2 Ke5 61. Ke3 Na5 62. Kxd2 Kd4 63. Ke2 f5 64. Kf3 Nc4 65. Bc2 Ne5+ 66. Ke2 f4 67. gxf4 gxf4 68. a5 f3+ 69. Kf1 Kc5 70. Ba4 Nc4 71. a6 Kb6 72. Kg1 Kxa6 73. Kh2 Kb6 74. Kg3 Ne5 75. Bc2 Kc5 76. Kf4 Kd4 77. Kf5 Kd5 78. Bb1 Kd4 79. Bc2 Kd5 80. Be4+ Kd6 81. Bb7 Nd3 82. Kg6 Ke7 83. Kxh6 Kf8 84. Bxf3 Nxf2 85. Kh7 Nh3 86. h6 Ng5+ 87. Kg6 Nxf3 1/2-1/2

[Event "Saint John op-1"]
[Site "Saint John CAN"]
[Date "1988.??.??"]
[Round "?"]
[White "Christiansen, Larry"]
[Black "Levitt, Jonathan"]
[Result "0-1"]
[WhiteElo "2575"]
[BlackElo "2440"]
[PlyCount "130"]
[GameId "2160767912587081"]
[EventDate "1988.01.24"]
[EventType "swiss"]
[EventRounds "9"]
[EventCountry "CAN"]
[SourceTitle "CBM 006"]
[Source "ChessBase"]
[SourceDate "2004.01.01"]
[SourceVersion "1"]
[SourceVersionDate "2004.01.01"]
[SourceQuality "1"]

1. d4 Nf6 2. c4 e6 3. Nc3 Bb4 4. e3 b6 5. Nge2 Ba6 6. a3 Bxc3+ 7. Nxc3 d5 8. b3 O-O 9. Be2 dxc4 10. bxc4 Nc6 11. a4 e5 12. d5 Na5 13. Ba3 Re8 14. Nb5 Qd7 15. O-O c6 16. dxc6 Qxc6 17. Rc1 Nb7 18. Qc2 Nd7 19. Rfd1 Ndc5 20. Rd5 Bxb5 21. axb5 Qc7 22. Rcd1 a6 23. bxa6 Rxa6 24. Bb2 Raa8 25. Qf5 f6 26. Rd7 Qc8 27. Qg4 Nxd7 28. Rxd7 g6 29. Qh3 h5 30. Bf3 Nc5 31. Bd5+ Kh8 32. Rd6 Qxh3 33. gxh3 Ra2 34. Rxb6 Na4 35. Ra6 Rc8 36. h4 Kg7 37. Kg2 Rb8 38. Ra7+ Kh6 39. Bc1 Rb1 40. c5 Raa1 41. Bg8 g5 42. hxg5+ fxg5 43. Bd2 Rg1+ 44. Kh3 Nxc5 45. Rh7+ Kg6 46. Rc7 Ra4 47. f4 Ne4 48. Bh7+ Kf6 49. Rc6+ Kg7 50. Rc7+ Kh6 51. Bxe4 Rxe4 52. fxg5+ Rxg5 53. Rc3 Rg1 54. Rc8 Kh7 55. Rf8 Kg7 56. Rf3 Kg6 57. Ba5 Rb1 58. Bd8 Rb3 59. Rg3+ Kf5 60. Rf3+ Ke6 61. Bg5 Rg4 62. Rf6+ Kd5 63. Bh6 Ke4 64. Ra6 Rb2 65. Rc6 Kf5 0-1

[Event "Saint John op-1"]
[Site "Saint John CAN"]
[Date "1988.??.??"]
[Round "?"]
[White "Christiansen, Larry"]
[Black "Tolnai, Tibor"]
[Result "1/2-1/2"]
[WhiteElo "2575"]
[BlackElo "2465"]
[PlyCount "86"]
[GameId "2160767912587083"]
[EventDate "1988.01.24"]
[EventType "swiss"]
[EventRounds "9"]
[EventCountry "CAN"]
[SourceTitle "CBM 006"]
[Source "ChessBase"]
[SourceDate "2004.01.01"]
[SourceVersion "1"]
[SourceVersionDate "2004.01.01"]
[SourceQuality "1"]

1. d4 Nf6 2. c4 e5 3. dxe5 Ng4 4. Nf3 Bc5 5. e3 Nc6 6. Be2 O-O 7. O-O Re8 8. Nc3 Ngxe5 9. b3 Nxf3+ 10. Bxf3 Ne5 11. Bb2 a5 12. Ne4 Bf8 13. Bh5 Ra6 14. f4 Ng6 15. Ng5 d5 16. cxd5 Bc5 17. Nxf7 Kxf7 18. f5 Kg8 19. fxg6 hxg6 20. Bg4 Bxg4 21. Qxg4 Bxe3+ 22. Kh1 Qxd5 23. Rad1 Qe6 24. Qg3 Bh6 25. Qxc7 Qc6 26. Qf7+ Kh7 27. Bxg7 Bxg7 28. Rd7 Rg8 29. Rd3 Qe6 30. Rh3+ Qxh3 31. gxh3 Rf8 32. Qc4 Rxf1+ 33. Qxf1 Rd6 34. Qf2 Rd4 35. a4 Rb4 36. Qf7 b5 37. h4 bxa4 38. bxa4 Rxh4 39. Qe8 Rh5 40. Kg2 Rg5+ 41. Kf3 Rh5 42. Qd8 Rf5+ 43. Kg4 Rh5 1/2-1/2

[Event "Saint John op-1"]
[Site "Saint John CAN"]
[Date "1988.??.??"]
[Round "?"]
[White "Clemance, Philip"]
[Black "Inkiov, Ventzislav"]
[Result "0-1"]
[WhiteElo "2315"]
[BlackElo "2490"]
[PlyCount "118"]
[GameId "2160767912587085"]
[EventDate "1988.01.24"]
[EventType "swiss"]
[EventRounds "9"]
[EventCountry "CAN"]
[SourceTitle "CBM 006"]
[Source "ChessBase"]
[SourceDate "2004.01.01"]
[SourceVersion "1"]
[SourceVersionDate "2004.01.01"]
[SourceQuality "1"]

1. e4 c5 2. Nf3 d6 3. d4 cxd4 4. Nxd4 Nf6 5. Nc3 Nc6 6. Bg5 e6 7. Qd2 Be7 8. O-O-O O-O 9. Nb3 a6 10. Bxf6 gxf6 11. f4 Kh8 12. g3 b5 13. Bh3 b4 14. Ne2 a5 15. Nbd4 Nxd4 16. Nxd4 Qb6 17. f5 e5 18. Ne2 Bb7 19. Bg2 a4 20. Kb1 Rfc8 21. Nc1 Rc7 22. Rhf1 Rac8 23. Qf2 Qa5 24. Rd2 Rc4 25. Re1 Bf8 26. Qe3 Qc7 27. Ree2 Ba6 28. Bf1 Rc6 29. Nd3 b3 30. c3 bxa2+ 31. Kxa2 a3 32. Nb4 Bc4+ 33. Kb1 Bxe2 34. Bxe2 axb2 35. Nxc6 Qxc6 36. Rxb2 d5 37. exd5 Qxd5 38. Bf3 Qa5 39. Rb3 Bc5 40. Qd3 Rd8 41. Qb5 Qc7 42. Qc6 Qxc6 43. Bxc6 Bg1 44. c4 Bxh2 45. Bd5 Kg7 46. Rb7 Kh6 47. Rxf7 Kg5 48. Rg7+ Kxf5 49. g4+ Kf4 50. Rxh7 Bg3 51. Rg7 Bh4 52. Kc2 Bg5 53. Be6 e4 54. Rd7 Re8 55. Bf7 Re5 56. Kd1 Kf3 57. Bd5 Kf2 58. Rh7 Bf4 59. Rh1 e3 0-1

[Event "Saint John op-1"]
[Site "Saint John CAN"]
[Date "1988.??.??"]
[Round "?"]
[White "Clemance, Philip"]
[Black "Taylor, Gordon"]
[Result "1/2-1/2"]
[WhiteElo "2315"]
[BlackElo "2335"]
[PlyCount "132"]
[GameId "2160767912587088"]
[EventDate "1988.01.24"]
[EventType "swiss"]
[EventRounds "9"]
[EventCountry "CAN"]
[SourceTitle "CBM 006"]
[Source "ChessBase"]
[SourceDate "2004.01.01"]
[SourceVersion "1"]
[SourceVersionDate "2004.01.01"]
[SourceQuality "1"]

1. e4 c5 2. Nf3 Nc6 3. d4 cxd4 4. Nxd4 g6 5. c4 Bg7 6. Be3 Nf6 7. Nc3 Ng4 8. Qxg4 Nxd4 9. Qd1 Ne6 10. Rc1 Qa5 11. Be2 g5 12. O-O Qe5 13. Bg4 b6 14. Bf5 h5 15. Nb5 Bb7 16. Re1 Qb8 17. Qd2 Be5 18. g3 g4 19. Rcd1 Bc6 20. Bxe6 dxe6 21. Bd4 Bxb5 22. cxb5 f6 23. Qb4 Bd6 24. Qc4 Qc8 25. Qb3 e5 26. Be3 Qd7 27. Rd3 Rd8 28. Red1 Kf8 29. Bd2 Qb7 30. Rd5 Rc8 31. Bb4 Bxb4 32. Qxb4 Rc7 33. Qb3 Kg7 34. Qd3 Rhc8 35. Rd8 Rc1 36. Rxc1 Rxc1+ 37. Kg2 Rc7 38. b3 f5 39. Qd5 Qxd5 40. Rxd5 Kf6 41. exf5 Kxf5 42. Rd2 e4 43. h4 e3 44. fxe3 Ke4 45. Kf2 e5 46. Ke2 Rc3 47. Rd7 Rc2+ 48. Kd1 Rxa2 49. Rh7 Kxe3 50. Rxh5 e4 51. Rh7 Kf3 52. h5 Ra1+ 53. Kc2 e3 54. Rf7+ Kxg3 55. Kd3 Rb1 56. h6 Rxb3+ 57. Ke2 Rxb5 58. Rxa7 Rh5 59. h7 b5 60. Kxe3 b4 61. Ra1 Rh3 62. h8=Q Rxh8 63. Rg1+ Kh2 64. Rxg4 b3 65. Kd2 Rb8 66. Kc1 b2+ 1/2-1/2

[Event "Saint John op-1"]
[Site "Saint John CAN"]
[Date "1988.??.??"]
[Round "?"]
[White "Clemance, Philip"]
[Black "Whitehead, Jay"]
[Result "1-0"]
[WhiteElo "2315"]
[BlackElo "2440"]
[PlyCount "51"]
[GameId "2160767912587089"]
[EventDate "1988.01.24"]
[EventType "swiss"]
[EventRounds "9"]
[EventCountry "CAN"]
[SourceTitle "CBM 006"]
[Source "ChessBase"]
[SourceDate "2004.01.01"]
[SourceVersion "1"]
[SourceVersionDate "2004.01.01"]
[SourceQuality "1"]

1. e4 c5 2. Nf3 Nc6 3. d4 cxd4 4. Nxd4 Nf6 5. Nc3 d6 6. Bg5 e6 7. Qd2 Be7 8. O-O-O O-O 9. Nb3 Qb6 10. f3 Rd8 11. Be3 Qc7 12. Qf2 d5 13. exd5 Nxd5 14. Nxd5 exd5 15. Kb1 b6 16. Nd4 Ne5 17. Bf4 Nd3 18. Bxc7 Nxf2 19. Bxd8 Bxd8 20. Re1 Bd7 21. Bb5 Nxh1 22. Bxd7 Bf6 23. Nb3 Rd8 24. Bb5 a6 25. Bxa6 Nf2 26. Rf1 1-0

[Event "Saint John op-1"]
[Site "Saint John CAN"]
[Date "1988.??.??"]
[Round "?"]
[White "Damljanovic, Branko"]
[Black "Lputian, Smbat G"]
[Result "1/2-1/2"]
[WhiteElo "2525"]
[BlackElo "2555"]
[PlyCount "91"]
[GameId "2160767912587090"]
[EventDate "1988.01.24"]
[EventType "swiss"]
[EventRounds "9"]
[EventCountry "CAN"]
[SourceTitle "CBM 006"]
[Source "ChessBase"]
[SourceDate "2004.01.01"]
[SourceVersion "1"]
[SourceVersionDate "2004.01.01"]
[SourceQuality "1"]

1. c4 Nf6 2. Nc3 d5 3. cxd5 Nxd5 4. g3 e6 5. Bg2 Be7 6. Nf3 c5 7. O-O Nc6 8. d4 O-O 9. e4 Nb6 10. dxc5 Nd7 11. Qe2 Nxc5 12. Rd1 Qa5 13. Be3 Na4 14. Nxa4 Qxa4 15. e5 Qe4 16. Rac1 Nxe5 17. Nd4 Qg4 18. Qb5 Bf6 19. f4 a6 20. Qf1 Nd7 21. Bh3 Qh5 22. Nxe6 fxe6 23. Bxe6+ Kh8 24. Bxd7 Bxb2 25. Rc5 Qf7 26. Qh3 Bxd7 27. Qxd7 Qxa2 28. Qxb7 Bf6 29. Qd5 Qe2 30. Qd3 Qf3 31. Bf2 Qxd3 32. Rxd3 a5 33. Rc4 Rfb8 34. Ra3 h6 35. Bd4 Be7 36. Ra2 Rb4 37. Rc7 Bf8 38. Bc3 Rb1+ 39. Kf2 a4 40. Ke2 a3 41. Be5 Rab8 42. Kd3 R1b2 43. Rxa3 Bxa3 44. Bxg7+ Kg8 45. Bxb2 Rxb2 46. Rc2 1/2-1/2

[Event "Saint John op-1"]
[Site "Saint John CAN"]
[Date "1988.??.??"]
[Round "?"]
[White "Damljanovic, Branko"]
[Black "O'Donnell, Tom"]
[Result "1-0"]
[WhiteElo "2525"]
[BlackElo "2340"]
[PlyCount "141"]
[GameId "2160767912587091"]
[EventDate "1988.01.24"]
[EventType "swiss"]
[EventRounds "9"]
[EventCountry "CAN"]
[SourceTitle "CBM 06"]

1. d4 d5 2. Nf3 c6 3. c4 e6 4. Nbd2 Nf6 5. g3 Be7 6. Bg2 O-O 7. O-O b6 8. Qc2 Bb7 9. Rd1 Nbd7 10. e4 dxe4 11. Nxe4 Nxe4 12. Qxe4 Qc8 13. Bf4 Re8 14. Ne5 Nxe5 15. Bxe5 a5 16. Rac1 Ra7 17. c5 b5 18. h4 Ba8 19. Qg4 Bf8 20. h5 Qd8 21. Qe4 Rd7 22. Bf3 Be7 23. Be2 Bf6 24. Bd3 g6 25. Bc2 Qe7 26. Qf3 Bg5 27. Ra1 Red8 28. Be4 Rc8 29. a4 b4 30. Kg2 f5 31. Bc2 Bf6 32. Bb3 Re8 33. Re1 Kg7 34. Rad1 Bb7 35. Qf4 Bxe5 36. Rxe5 Qf6 37. Rde1 g5 38. Qc1 Rde7 39. f4 g4 40. Qe3 Bc8 41. Kg1 Kf8 42. Bc2 Bd7 43. Bd3 Bc8 44. Bf1 Kf7 45. Bg2 Bb7 46. Qe2 Kf8 47. Qd3 Kg7 48. R1e2 Qf7 49. d5 cxd5 50. Qb5 Rc7 51. Qxa5 Qd7 52. Qxb4 d4 53. Bxb7 Rxb7 54. Qc4 d3 55. Qc3 dxe2 56. Rd5+ e5 57. Rxd7+ Rxd7 58. Kf2 Kf8 59. fxe5 Rde7 60. Kxe2 Rxe5+ 61. Kd1 f4 62. Qd4 Re1+ 63. Kc2 R8e2+ 64. Kb3 f3 65. c6 f2 66. Qf6+ Ke8 67. c7 Rc1 68. Qd8+ Kf7 69. Qd7+ Kf6 70. Qd6+ Kg7 71. Qd4+ 1-0

[Event "Saint John op-1"]
[Site "Saint John CAN"]
[Date "1988.??.??"]
[Round "?"]
[White "Damljanovic, Branko"]
[Black "Semkov, Semko"]
[Result "1-0"]
[WhiteElo "2525"]
[BlackElo "2470"]
[PlyCount "139"]
[GameId "2160767912587093"]
[EventDate "1988.01.24"]
[EventType "swiss"]
[EventRounds "9"]
[EventCountry "CAN"]
[SourceTitle "CBM 06"]

1. d4 d5 2. Nf3 c6 3. c4 e6 4. Nbd2 Nf6 5. g3 Nbd7 6. Bg2 b5 7. c5 a5 8. O-O Be7 9. Qc2 O-O 10. e4 Ne8 11. e5 f6 12. exf6 gxf6 13. Re1 Ng7 14. a4 b4 15. Nb3 Re8 16. Bh6 Nf8 17. Nh4 Qd7 18. Re3 Bd8 19. Rae1 Qf7 20. Bxg7 Qxg7 21. f4 Bd7 22. Bh3 Bc7 23. Kh1 Kh8 24. Qe2 Qh6 25. Qf1 Rad8 26. Nf3 Bc8 27. Bg4 Bd7 28. Qg2 Re7 29. Qh3 Qxh3 30. Bxh3 Rde8 31. Nh4 Bd8 32. Bg4 e5 33. Bxd7 Nxd7 34. Nf5 Re6 35. Nd6 e4 36. f5 R6e7 37. Nxe8 Rxe8 38. Rf1 Rg8 39. Re2 Rg7 40. Rg2 Bc7 41. g4 Kg8 42. Nc1 Re7 43. Ne2 Rg7 44. h4 h6 45. Kg1 Kf7 46. Kf2 Nf8 47. Ke3 Nh7 48. Ng1 Rg8 49. Nh3 Rg7 50. Rfg1 Rg8 51. g5 fxg5 52. hxg5 hxg5 53. Nxg5+ Nxg5 54. Rxg5 Rxg5 55. Rxg5 Bd8 56. Rg6 Bf6 57. b3 Ke7 58. Rg8 Kd7 59. Ra8 Bg5+ 60. Ke2 Bf6 61. Rxa5 Bxd4 62. Ra7+ Kc8 63. a5 Bxc5 64. Rf7 d4 65. a6 d3+ 66. Kd2 Kb8 67. f6 Bd4 68. Rb7+ Ka8 69. f7 Bg7 70. Re7 1-0

[Event "Saint John op-1"]
[Site "Saint John CAN"]
[Date "1988.??.??"]
[Round "?"]
[White "Day, Lawrence"]
[Black "Damljanovic, Branko"]
[Result "0-1"]
[WhiteElo "2375"]
[BlackElo "2525"]
[PlyCount "116"]
[GameId "2160767912587094"]
[EventDate "1988.01.24"]
[EventType "swiss"]
[EventRounds "9"]
[EventCountry "CAN"]
[SourceTitle "CBM 006"]
[Source "ChessBase"]
[SourceDate "2004.01.01"]
[SourceVersion "1"]
[SourceVersionDate "2004.01.01"]
[SourceQuality "1"]

1. e4 c5 2. f4 Nc6 3. Nf3 d6 4. Nc3 e6 5. a3 Nf6 6. d3 Be7 7. Be2 O-O 8. O-O Rb8 9. Qe1 b5 10. Bd1 a5 11. Kh1 b4 12. axb4 axb4 13. Ne2 Bb7 14. b3 Ra8 15. Rb1 Ra2 16. f5 exf5 17. exf5 Qd7 18. Nh4 Re8 19. Qg3 d5 20. Bh6 Bf8 21. Bg5 Qd6 22. Bf4 Qd8 23. Nc1 Ra6 24. Qf2 Nd4 25. Ne2 Ng4 26. Qg3 Nxe2 27. Qxg4 Nxf4 28. Qxf4 Rh6 29. g3 Bd6 30. Qf2 Qc7 31. Bf3 g5 32. fxg6 hxg6 33. Qd2 Kg7 34. Rbe1 Rxe1 35. Qxe1 Qd7 36. Qd2 f6 37. Bg2 Be5 38. Qf2 Qd6 39. Qf3 Bc8 40. Qxd5 Bxg3 41. Qxd6 Bxd6 42. Nf3 g5 43. Kg1 g4 44. Nd2 Bxh2+ 45. Kf2 Be5 46. Nc4 Bd4+ 47. Kg3 f5 48. Kf4 Be6 49. Nd6 Rh2 50. Re1 Bd7 51. Kg3 Rxg2+ 52. Kxg2 Kf6 53. Nc4 Bc6+ 54. Kg3 Kg5 55. Rf1 Bd5 56. Kh2 f4 57. Nd2 g3+ 58. Kh3 g2 0-1

[Event "Saint John op-1"]
[Site "Saint John CAN"]
[Date "1988.??.??"]
[Round "?"]
[White "Day, Lawrence"]
[Black "Lein, Anatoly"]
[Result "1/2-1/2"]
[WhiteElo "2375"]
[BlackElo "2475"]
[PlyCount "95"]
[GameId "2160767912587096"]
[EventDate "1988.01.24"]
[EventType "swiss"]
[EventRounds "9"]
[EventCountry "CAN"]
[SourceTitle "CBM 006"]
[Source "ChessBase"]
[SourceDate "2004.01.01"]
[SourceVersion "1"]
[SourceVersionDate "2004.01.01"]
[SourceQuality "1"]

1. e4 c5 2. f4 g6 3. Nf3 Bg7 4. Nc3 Nc6 5. a3 e6 6. b4 cxb4 7. axb4 Nge7 8. b5 Nd4 9. e5 Nxf3+ 10. Qxf3 d5 11. Qf2 f6 12. exf6 Bxf6 13. Rxa7 Rxa7 14. Qxa7 Nf5 15. Ba3 Kf7 16. g3 h5 17. Bd3 Re8 18. Kd1 Bd4 19. Bc5 Bxc5 20. Qxc5 Qd6 21. Qxd6 Nxd6 22. Ne2 Bd7 23. Nd4 Kf6 24. c3 Ra8 25. Ke2 g5 26. h4 gxf4 27. gxf4 Rg8 28. Kf3 Nf7 29. Be2 e5 30. fxe5+ Nxe5+ 31. Kf2 Ng4+ 32. Bxg4 Rxg4 33. b6 Ke7 34. Nf3 Rf4 35. Ke3 Re4+ 36. Kf2 Rf4 37. Re1+ Kd6 38. Kg3 Rg4+ 39. Kf2 Bf5 40. Re8 Be4 41. Ne5 Rxh4 42. Kg3 Rh1 43. d4 Rb1 44. c4 dxc4 45. Nxc4+ Kd5 46. Nd2 Rg1+ 47. Kh4 Bh1 48. Rd8+ 1/2-1/2

[Event "Saint John op-1"]
[Site "Saint John CAN"]
[Date "1988.??.??"]
[Round "?"]
[White "Day, Lawrence"]
[Black "Mercuri, Louis A"]
[Result "1-0"]
[WhiteElo "2375"]
[BlackElo "2210"]
[PlyCount "69"]
[GameId "2160767912587097"]
[EventDate "1988.01.24"]
[EventType "swiss"]
[EventRounds "9"]
[EventCountry "CAN"]
[SourceTitle "CBM 006"]
[Source "ChessBase"]
[SourceDate "2004.01.01"]
[SourceVersion "1"]
[SourceVersionDate "2004.01.01"]
[SourceQuality "1"]

1. e4 e5 2. f4 d5 3. exd5 c6 4. Nc3 exf4 5. Nf3 Bd6 6. d4 Ne7 7. dxc6 Nbxc6 8. Bd3 O-O 9. Ne2 Bg4 10. O-O Nd5 11. c4 Ne3 12. Bxe3 fxe3 13. c5 Be7 14. d5 Nb4 15. d6 Bf6 16. Be4 Nc6 17. Rb1 Re8 18. Qa4 Qd7 19. Bd3 Nd4 20. Qxd7 Nxe2+ 21. Bxe2 Bxd7 22. b4 g5 23. Ne1 Kg7 24. Nc2 Ba4 25. Na3 a5 26. b5 Bd4 27. Rfc1 Rec8 28. c6 bxc6 29. Rc4 Bxb5 30. Nxb5 Be5 31. Rbc1 Ra6 32. Nd4 Kf6 33. Rf1+ Kg7 34. d7 Rd8 35. Nxc6 1-0

[Event "Saint John op-1"]
[Site "Saint John CAN"]
[Date "1988.??.??"]
[Round "?"]
[White "Day, Lawrence"]
[Black "Rajna, George"]
[Result "1/2-1/2"]
[WhiteElo "2375"]
[BlackElo "2495"]
[PlyCount "107"]
[GameId "2160767912587098"]
[EventDate "1988.01.24"]
[EventType "swiss"]
[EventRounds "9"]
[EventCountry "CAN"]
[SourceTitle "CBM 006"]
[Source "ChessBase"]
[SourceDate "2004.01.01"]
[SourceVersion "1"]
[SourceVersionDate "2004.01.01"]
[SourceQuality "1"]

1. e4 c5 2. f4 e6 3. Qe2 Nc6 4. Nf3 Nge7 5. b3 d5 6. Bb2 Qc7 7. g3 dxe4 8. Qxe4 b6 9. Na3 Bb7 10. Bg2 Nd4 11. Qd3 Nef5 12. Nb5 Nxb5 13. Qxb5+ Bc6 14. Qe2 Be7 15. O-O-O O-O 16. g4 Nd4 17. Nxd4 Bxg2 18. Nxe6 fxe6 19. Qxg2 Qxf4 20. Rhf1 Qd6 21. h3 Bg5 22. Qb7 e5 23. Kb1 a5 24. Qe4 Bf4 25. Rf3 Rad8 26. Rd3 Qe6 27. Re1 Bxd2 28. Rxd8 Rxd8 29. Rd1 Bg5 30. Rxd8+ Bxd8 31. Qxe5 Qxe5 32. Bxe5 Kf7 33. c4 g6 34. Kc2 Ke6 35. Bf4 Kd7 36. Kd3 Kc6 37. Ke4 b5 38. a4 bxa4 39. bxa4 Bf6 40. Bd2 Bd8 41. Ke5 Bc7+ 42. Ke6 Bd8 43. Bf4 Bh4 44. Bd2 Bd8 45. g5 Bc7 46. Kf7 Kd7 47. Kg7 Ke6 48. Kxh7 Kf5 49. Kh6 Bb6 50. h4 Bd8 51. h5 Bxg5+ 52. Bxg5 gxh5 53. Kxh5 Ke4 54. Kg4 1/2-1/2

[Event "Saint John op-1"]
[Site "Saint John CAN"]
[Date "1988.??.??"]
[Round "?"]
[White "Dizdar, Goran"]
[Black "La Rota, Fabio"]
[Result "1-0"]
[WhiteElo "2490"]
[BlackElo "2295"]
[PlyCount "120"]
[GameId "2160767912587100"]
[EventDate "1988.01.24"]
[EventType "swiss"]
[EventRounds "9"]
[EventCountry "CAN"]
[SourceTitle "CBM 06"]

1. d4 Nf6 2. Nf3 d5 3. c4 e6 4. Nc3 Nbd7 5. Bg5 Bb4 6. cxd5 exd5 7. Rc1 c6 8. a3 Bd6 9. e3 O-O 10. Bd3 Re8 11. O-O h6 12. Bh4 Nb6 13. Qc2 Bg4 14. Nd2 Qb8 15. Bxf6 gxf6 16. Bf5 Bxf5 17. Qxf5 Bxh2+ 18. Kh1 Bd6 19. Qh5 f5 20. g3 Qc8 21. Nf3 Qe6 22. Nh4 Bf8 23. Nxf5 Nc4 24. Rc2 a5 25. a4 Kh7 26. Kg2 Qg6 27. Rh1 Ra6 28. b3 Nd6 29. Nxd6 Bxd6 30. Rb2 Qxh5 31. Rxh5 Kg6 32. Rh3 Rb8 33. Rb1 Bf8 34. Kf3 Bb4 35. Ne2 b5 36. Nf4+ Kh7 37. Rhh1 Rab6 38. Nd3 Bd6 39. Rbc1 bxa4 40. bxa4 f6 41. Rc3 Ra8 42. Rhc1 Raa6 43. Nf4 Bxf4 44. Kxf4 Kg6 45. g4 Rb2 46. f3 Rb4 47. Rxc6 Ra8 48. Rd6 Rxa4 49. Rcc6 Rf8 50. Rxd5 Ra1 51. Ra6 a4 52. Rda5 Rh1 53. Rxa4 h5 54. Ra1 Rh3 55. gxh5+ Rxh5 56. Rg1+ Kf7 57. Ra7+ Ke6 58. e4 Rh4+ 59. Ke3 Rb8 60. Rgg7 Rb3+ 1-0

[Event "Saint John op-1"]
[Site "Saint John CAN"]
[Date "1988.??.??"]
[Round "?"]
[White "Dlugy, Maxim"]
[Black "Borkowski, Franciszek"]
[Result "1/2-1/2"]
[WhiteElo "2550"]
[BlackElo "2415"]
[PlyCount "90"]
[GameId "2160767912587104"]
[EventDate "1988.01.24"]
[EventType "swiss"]
[EventRounds "9"]
[EventCountry "CAN"]
[SourceTitle "CBM 06"]

1. d4 Nf6 2. c4 g6 3. Nc3 Bg7 4. e4 d6 5. f3 e5 6. d5 Nh5 7. Be3 f5 8. Qd2 f4 9. Bf2 Bf6 10. g4 fxg3 11. hxg3 Bg5 12. Qe2 O-O 13. Bh3 a5 14. Bxc8 Qxc8 15. Nh3 Bh6 16. Kf1 Na6 17. Kg2 Qd7 18. Be3 Bxe3 19. Qxe3 Rf6 20. b3 Nc5 21. Rab1 Raf8 22. Ng1 Qe7 23. Nd1 R6f7 24. Nf2 Nf6 25. Qd2 h5 26. Re1 b6 27. Nd3 Nxd3 28. Qxd3 g5 29. Ne2 Rg7 30. Ref1 h4 31. g4 Qd7 32. Kh2 Rgf7 33. Rhg1 Nxg4+ 34. Rxg4 Qxg4 35. fxg4 Rxf1 36. Ng1 R8f2+ 37. Kh1 Re1 38. c5 Rff1 39. cxd6 Rxg1+ 40. Kh2 Rh1+ 41. Kg2 cxd6 42. Qb5 Reg1+ 43. Kf2 Rf1+ 44. Kg2 h3+ 45. Kg3 Rhg1+ 1/2-1/2